000 00451nam a22001817a 4500
003 OSt
008 250411b |||||||| |||| 00| 0 eng d
020 _a9789358706161
082 _a629.892 RAR
100 _aRANJAN,Chikesh
245 _aRobotics For the Students of B.Tech. B.E. and B.Sc (Engg.)
250 _a1st Ed
260 _aNew Delhi
_bS.Chand
_c2024
300 _a195
650 _aRobotics
700 _aKUMAR,Kaushik
942 _2ddc
_cBK
999 _c13277
_d13277